How to develop better NR solution adhesives (Record no. 51601)

MARC details
000 -LEADER
fixed length control field 00355nam a2200145Ia 4500
100 ## - MAIN ENTRY--AUTHOR NAME
Personal name Varghese L.
245 #0 - TITLE STATEMENT
Title How to develop better NR solution adhesives
260 ## - PUBLICATION, DISTRIBUTION, ETC. (IMPRINT)
Name of publisher Rubber Asia
Year of publication 1997
300 ## - PHYSICAL DESCRIPTION
Number of Pages 27-28
650 ## - SUBJECT ADDED ENTRY--TOPICAL TERM
Topical Term Adhesive
650 ## - SUBJECT ADDED ENTRY--TOPICAL TERM
Topical Term Natural rubber
700 ## - ADDED ENTRY--PERSONAL NAME
Personal name Mathew N.M.
942 ## - ADDED ENTRY ELEMENTS (KOHA)
Koha item type Bibliography STAF
Holdings
Withdrawn status Lost status Damaged status Not for loan Home library Current library Date acquired Serial Enumeration / chronology Koha item type
      Bibliography RRII Library RRII Library 09/04/2014 Volume 11, Issue 3 Bibliography STAF